Judaizm (Odłamy) - Statystyki

Ogólne statystyki
  • Ten quiz został rozwiązany 7 razy
    2 od ostatniego zresetowania
  • Średni wynik to 2 z 5
Statystyki odpowiedzi
Podpowiedź Odłam % Poprawnych
uznają wagę skrupulatnego wypełniania rytuałów, ale ważniejsze znaczenie ma pobożność i radość ze służenia Bogu. Chasydyzm
100%
Judaizm ultraortodoksyjny Charedim
50%
...Sefarydyjska
(trzeba napisać tez sefaradyjska)
Ortodoksja Sefardyjska
50%
3 Słowa (Na N) Nowoczesna ortodoksja aszkenazyjska
0%
ruch zapoczątkowany przez Awiego Weissa Otwarta ortodoksja
0%
Nie znaleziono quizów pasujących do podanych kryteriów
Rozkład punktacji
Procent ludzi z każdym wynikiem
Percentyl według liczby udzielonych odpowiedzi
Twoja historia wyników
Nie rozwiązałeś tego quizu od ostatniego zresetowania